000
00291nam a2200109Ia 4500
008
220120s9999||||xx |||||||||||||| ||und||
100
_a
Sharma, Paritosh
_9
11785
245
0
_a
Marketing management
260
_a
Dhanpat rai publications
_b
New Delhi
_c
2012
300
_b
0
650
_a
MECHANICHAL
999
_c
137187
_d
137187